Rights violations in India (theory, practice and beyond) (Record no. 76068)

000 -LEADER
fixed length control field 01256pab a2200181 454500
008 - FIXED-LENGTH DATA ELEMENTS--GENERAL INFORMATION
fixed length control field 180718b2007 xxu||||| |||| 00| 0 eng d
100 ## - MAIN ENTRY--PERSONAL NAME
Personal name Giri, Ananta Kumar
245 ## - TITLE STATEMENT
Title Rights violations in India (theory, practice and beyond)
260 ## - PUBLICATION, DISTRIBUTION, ETC.
Date of publication, distribution, etc. 2007
300 ## - PHYSICAL DESCRIPTION
Extent p.15-30.
362 ## - DATES OF PUBLICATION AND/OR SEQUENTIAL DESIGNATION
Dates of publication and/or sequential designation Sep
520 ## - SUMMARY, ETC.
Summary, etc. This paper offers a glimpse of a variety of human rights violations in India. to begin with, the Constitutional provisions for protecting human rights have been traced, followed by a discussion on their strategic violations by the state, more specifically the army and the police. The injury inflicted by the militant organisations upon human rights has also been subjected to an analysis. The impact of globalisation on the status of human rights has been assessed through a study of social struggles, particularly by tribals in situations of their land alienation. A note has been taken of the positive role played by the Indian judicial system under the emerging scenario. Finally, a case is made by valuing human life by preventing any kind of violence, may it be by the state or by the extremists. - Reproduced.
650 ## - SUBJECT ADDED ENTRY--TOPICAL TERM
Topical term or geographic name entry element Human rights - India
650 ## - SUBJECT ADDED ENTRY--TOPICAL TERM
Topical term or geographic name entry element Human rights
773 ## - HOST ITEM ENTRY
Main entry heading Man and Development
908 ## - PUT COMMAND PARAMETER (RLIN)
Put command parameter N
909 ## -
-- 76068
Holdings
Withdrawn status Lost status Damaged status Not for loan Permanent Location Current Location Date acquired Serial Enumeration / chronology Barcode Date last seen Price effective from Koha item type
        Indian Institute of Public Administration Indian Institute of Public Administration 2018-07-19 Volume no: 29, Issue no: 3 AR76528 2018-07-19 2018-07-19 Articles

Powered by Koha